Welcome to the Holygrace Academy Library

Please use search bar below to get started

ROBINSON CRUSOE (Record no. 9027)

MARC details
000 -LEADER
fixed length control field 00242nam a22001097a 4500
082 ## - DEWEY DECIMAL CLASSIFICATION NUMBER
Classification number 823
Item number DEF/R
100 ## - MAIN ENTRY--AUTHOR NAME
Personal name DEFOE, DANIEL
245 ## - TITLE STATEMENT
Title ROBINSON CRUSOE
246 ## - VARYING FORM OF TITLE
Title proper/short title ROBINSON CRUSOE
Remainder of title ROBINSON CRUSOE
650 ## - SUBJECT ADDED ENTRY--TOPICAL TERM
Topical Term ENGLISH FICTION
942 ## - ADDED ENTRY ELEMENTS (KOHA)
Koha item type Books
Holdings
Withdrawn status Lost status Collection code Home library Current library Date acquired Source of acquisition Cost, normal purchase price Full call number Accession Number Koha item type
    Fiction Main Library Main Library 07/03/2002 PURCHASED 100.00 823 DEF/R 00154 Books